[Event "EU-Cup 19th"]
[Site "Rethymno"]
[Date "2003.10.04"]
[Round "7.2"]
[White "Scekic, Milos"]
[Black "Lukashok, Alexandr Nikolaevic"]
[Result "0-1"]
[WhiteElo "2434"]
[BlackElo "2390"]
[PlyCount "56"]
[EventDate "2003.09.28"]
[EventType "team-swiss"]
[EventRounds "7"]
[EventCountry "GRE"]
[SourceTitle "CBM 098"]
[Source "ChessBase"]
[SourceDate "2004.02.03"]
[SourceVersion "1"]
[SourceVersionDate "2004.02.03"]
[SourceQuality "1"]
[WhiteTeam "Glasinac"]
[BlackTeam "Vitebsk"]
[WhiteTeamCountry "BIH"]
[BlackTeamCountry "BLR"]

1. d4 Nf6 2. c4 g6 3. Nc3 Bg7 4. e4 0-0 5. h3 d6 6. Be3 e5 7. d5 a5 8. g4 Na6 9. Nf3 Nc5 10. Qc2 Ne8 11. Rg1 Kh8 12. 0-0-0 f5 13. gxf5 gxf5 14. Ng5 h6 15. Nf3 fxe4 16. Nd2 Nd3+ 17. Bxd3 exd3 18. Qxd3 Bf5 19. Nce4 Qh4 20. Qe2 Nf6 21. Ng3 Bh7 22. Nf3 Qxh3 23. Rh1 Qg4 24. Bxh6 Bxh6+ 25. Rxh6 Qf4+ 26. Qe3 Qxc4+ 27. Kd2 Qc2+ 28. Ke1 Ng4 0-1

[Event "EU-Cup 19th"]
[Site "Rethymno"]
[Date "2003.10.01"]
[Round "4.2"]
[White "Scannell, Steven"]
[Black "Lukashok, Alexandr Nikolaevic"]
[Result "1/2-1/2"]
[WhiteElo "2155"]
[BlackElo "2390"]
[PlyCount "102"]
[EventDate "2003.09.28"]
[EventType "team-swiss"]
[EventRounds "7"]
[EventCountry "GRE"]
[SourceTitle "CBM 098"]
[Source "ChessBase"]
[SourceDate "2004.02.03"]
[SourceVersion "1"]
[SourceVersionDate "2004.02.03"]
[SourceQuality "1"]
[WhiteTeam "Belfast"]
[BlackTeam "Vitebsk"]
[WhiteTeamCountry "IRL"]
[BlackTeamCountry "BLR"]

1. d4 g6 2. c4 Nf6 3. Nc3 Bg7 4. e4 0-0 5. f4 d6 6. Nf3 c5 7. d5 a6 8. a4 e6 9. Bd3 exd5 10. cxd5 Bg4 11. 0-0 Nbd7 12. h3 Bxf3 13. Qxf3 Qc7 14. Be3 Rfe8 15. Rad1 Rab8 16. Rfe1 c4 17. Bc2 b5 18. axb5 axb5 19. Ne2 Nc5 20. e5 dxe5 21. fxe5 Nfd7 22. e6 fxe6 23. dxe6 Nxe6 24. Rf1 Nf6 25. Nd4 Rb6 26. Be4 Nxd4 27. Rxd4 Rbe6 28. Bd5 Nxd5 29. Qxd5 Qc6 30. Qxc6 Rxc6 31. Rd2 Bxb2 32. Rxb2 Rxe3 33. Rxb5 Rc7 34. Rf2 Rb3 35. Ra5 c3 36. Raa2 Rcb7 37. Rac2 Kg7 38. Rf3 Rc7 39. Kh2 Rc4 40. Kg1 g5 41. Kf1 Rf4 42. Rxf4 gxf4 43. Ke2 Kf6 44. Kd3 Kg5 45. Rxc3 Rb2 46. Rc2 Rxc2 47. Kxc2 Kh4 48. Kd3 Kg3 49. Ke4 h5 50. h4 Kg4 51. Ke5 Kxh4 1/2-1/2

[Event "EU-Cup 19th"]
[Site "Rethymno"]
[Date "2003.09.28"]
[Round "1.2"]
[White "Lukashok, Alexandr Nikolaevic"]
[Black "Kantsler, Boris"]
[Result "0-1"]
[WhiteElo "2390"]
[BlackElo "2472"]
[PlyCount "60"]
[EventDate "2003.09.28"]
[EventType "team-swiss"]
[EventRounds "7"]
[EventCountry "GRE"]
[SourceTitle "CBM 098"]
[Source "ChessBase"]
[SourceDate "2004.02.03"]
[SourceVersion "1"]
[SourceVersionDate "2004.02.03"]
[SourceQuality "1"]
[WhiteTeam "Vitebsk"]
[BlackTeam "Tel Aviv Shlomo Har Zvi"]
[WhiteTeamCountry "BLR"]
[BlackTeamCountry "ISR"]

1. Nf3 g6 2. g3 Bg7 3. d4 Nf6 4. Bg2 0-0 5. 0-0 d6 6. c4 Nbd7 7. Nc3 e5 8. e3 Re8 9. h3 c6 10. a4 a5 11. b3 exd4 12. Nxd4 Nc5 13. Qc2 Bd7 14. Ba3 Qc8 15. Kh2 Re5 16. h4 Qc7 17. Rad1 Rae8 18. Rfe1 Qb6 19. Rd2 R5e7 20. Kg1 Ng4 21. Red1 Rxe3 22. fxe3 Nxe3 23. Qb2 Nxd1 24. Rxd1 Bg4 25. Rd2 Re3 26. Kh2 Nd3 27. c5 dxc5 28. Rxd3 Rxd3 29. Nde2 c4 30. Qc2 Qf2 0-1

[Event "BLR-ch 69th"]
[Site "Minsk"]
[Date "2003.03.11"]
[Round "12"]
[White "Azarov, Sergei Nikolaevich"]
[Black "Lukashok, Alexandr Nikolaevic"]
[Result "1/2-1/2"]
[WhiteElo "2530"]
[BlackElo "2384"]
[PlyCount "128"]
[EventDate "2003.02.28"]
[EventType "tourn"]
[EventRounds "13"]
[EventCountry "BLR"]
[EventCategory "8"]
[SourceTitle "CBM 093 Extra"]
[Source "ChessBase"]
[SourceDate "2003.05.09"]
[SourceVersion "1"]
[SourceVersionDate "2003.05.09"]
[SourceQuality "1"]

1. e4 d6 2. d4 Nf6 3. Nc3 g6 4. Nf3 Bg7 5. Be2 0-0 6. 0-0 c6 7. a4 b6 8. h3 Qc7 9. d5 a6 10. dxc6 Nxc6 11. Bg5 e6 12. Qd2 Bb7 13. Rad1 Ne8 14. Bh6 Rd8 15. Qf4 f6 16. Bxg7 Nxg7 17. Qe3 Ne5 18. Nd4 Nf7 19. b3 Rfe8 20. Rd2 Qc5 21. Nd1 Ng5 22. Bd3 e5 23. Ne2 Qxe3 24. Nxe3 Nxe4 25. Bxe4 Bxe4 26. Nc3 d5 27. Nexd5 Bxd5 28. Nxd5 Kf7 29. Rfd1 b5 30. a5 Ne6 31. Nb4 Rd4 32. Nc6 Rxd2 33. Rxd2 Nd4 34. Nxd4 exd4 35. Rxd4 Re1+ 36. Kh2 Re2 37. Rd7+ Ke6 38. Ra7 Rxc2 39. Rxa6+ Kd5 40. Rxf6 Rb2 41. Rf7 Rxb3 42. Rxh7 Ra3 43. Rg7 b4 44. Rxg6 b3 45. Rb6 Kc4 46. a6 Kc3 47. Rc6+ Kd2 48. Rd6+ Kc2 49. Rc6+ Kd2 50. h4 b2 51. Rb6 Kc1 52. g4 Rxa6 53. Rxb2 Kxb2 54. Kg3 Kc3 55. g5 Kd4 56. Kf4 Ra2 57. f3 Rh2 58. g6 Rxh4+ 59. Kf5 Rh1 60. f4 Rg1 61. Kf6 Ke4 62. f5 Rf1 63. g7 Rxf5+ 64. Kg6 Rf1 1/2-1/2

[Event "BLR-ch 69th"]
[Site "Minsk"]
[Date "2003.03.02"]
[Round "3"]
[White "Lukashok, Alexandr Nikolaevic"]
[Black "Novitzkij, Dmitrij"]
[Result "0-1"]
[WhiteElo "2384"]
[BlackElo "2384"]
[PlyCount "80"]
[EventDate "2003.02.28"]
[EventType "tourn"]
[EventRounds "13"]
[EventCountry "BLR"]
[EventCategory "8"]
[SourceTitle "CBM 093 Extra"]
[Source "ChessBase"]
[SourceDate "2003.05.09"]
[SourceVersion "1"]
[SourceVersionDate "2003.05.09"]
[SourceQuality "1"]

1. Nf3 d5 2. c4 c6 3. g3 g6 4. Bg2 Bg7 5. d4 Nf6 6. 0-0 0-0 7. Nbd2 Ne4 8. cxd5 cxd5 9. Nxe4 dxe4 10. Ne5 f6 11. Nc4 Be6 12. Ne3 f5 13. d5 Bf7 14. Qb3 Nc6 15. Qxb7 Nd4 16. Qa6 Rb8 17. Re1 Bxd5 18. Nxd5 Qxd5 19. Bg5 Rxb2 20. Bxe7 Rfb8 21. Rac1 Rxa2 22. Rc5 Rxa6 23. Rxd5 Ra2 24. Bf1 Rbb2 25. Rc1 Nxe2+ 26. Bxe2 Rxe2 27. Rd8+ Kf7 28. Rc7 Be5 29. Rb7 Ke6 30. Bc5 f4 31. gxf4 Bxf4 32. Re7+ Kf5 33. Rf8+ Kg4 34. Ref7 Bh6 35. Rb8 Ra1+ 36. Kg2 Ree1 37. f3+ exf3+ 38. Rxf3 Re2+ 39. Bf2 Rg1+ 40. Kxg1 Kxf3 0-1

[Event "Sea festival"]
[Site "Lithuania"]
[Date "2003.??.??"]
[Round "6"]
[White "Zickus, Simonas"]
[Black "Lukashok, Alexandr Nikolaevic"]
[Result "0-1"]
[WhiteElo "2143"]
[BlackElo "2390"]
[PlyCount "108"]
[EventDate "2003.??.??"]
[EventType "team"]
[EventRounds "7"]
[EventCountry "LTU"]
[SourceTitle "EXT 2005"]
[Source "ChessBase"]
[SourceDate "2004.11.15"]
[SourceVersion "1"]
[SourceVersionDate "2004.11.15"]
[SourceQuality "1"]

1. Nf3 g6 2. c4 Bg7 3. g3 d6 4. Bg2 e5 5. 0-0 Nf6 6. Nc3 0-0 7. d3 h6 8. Nd2 Nbd7 9. Rb1 Re8 10. b4 Nf8 11. b5 Ne6 12. Nb3 Ng5 13. Qc2 Rb8 14. Be3 b6 15. Nd5 Nh3+ 16. Kh1 Ng4 17. f3 Nxe3 18. Nxe3 h5 19. Nd5 h4 20. g4 Nf4 21. e3 Ne6 22. h3 Bb7 23. Rfc1 Bh6 24. Qe2 c6 25. Nb4 c5 26. Nc2 d5 27. cxd5 Bxd5 28. Nd2 Bxa2 29. Ra1 Bd5 30. Rxa7 Nc7 31. Na3 Ra8 32. Rxa8 Qxa8 33. Ndc4 Qa4 34. Qb2 Qb4 35. Qf2 Ra8 36. Qxh4 Rxa3 37. Qxh6 Bxc4 38. dxc4 Qd2 39. Rg1 Ne6 40. f4 Qxe3 41. Rd1 Qxf4 42. Qxf4 Nxf4 43. Bf1 Nxh3 44. Rd6 Nf2+ 45. Kg1 Nxg4 46. Rxb6 Ra1 47. Rc6 Ne3 48. Kf2 Nxf1 49. Rxc5 Rb1 50. Rc8+ Kg7 51. Ke2 e4 52. Rc6 Ng3+ 53. Kd2 Nf5 54. Kc2 e3 0-1

[Event "Chigorin Memorial 09th"]
[Site "St Petersburg"]
[Date "2001.10.02"]
[Round "8"]
[White "Gavrilov, Alexei"]
[Black "Lukashok, Alexandr Nikolaevic"]
[Result "1-0"]
[WhiteElo "2462"]
[BlackElo "2304"]
[PlyCount "89"]
[EventDate "2001.10.26"]
[EventType "swiss"]
[EventRounds "9"]
[EventCountry "RUS"]
[SourceTitle "EXT 2002"]
[Source "ChessBase"]
[SourceDate "2001.11.25"]
[SourceVersion "1"]
[SourceVersionDate "2001.11.25"]
[SourceQuality "1"]

1. d4 Nf6 2. c4 g6 3. Nc3 Bg7 4. e4 d6 5. Nf3 0-0 6. Be2 e5 7. Be3 Ng4 8. Bg5 f6 9. Bc1 h5 10. h3 Nh6 11. dxe5 fxe5 12. c5 Nf7 13. cxd6 cxd6 14. Bc4 Kh8 15. Be3 Qc7 16. Bb3 Na6 17. Rc1 Bd7 18. g4 Be8 19. gxh5 gxh5 20. Nh4 Nh6 21. Qd2 Ng8 22. Nf5 Nc5 23. Bxg8 Rxg8 24. Nd5 Qf7 25. Bxc5 dxc5 26. Rxc5 Bc6 27. Rc3 Bf8 28. Rg3 Rd8 29. Nh6 Qe6 30. Nxg8 Bxd5 31. exd5 Rxd5 32. Qg5 Bb4+ 33. Kf1 Rd1+ 34. Kg2 Qd5+ 35. Rf3 Rxh1 36. Qxh5+ Kxg8 37. Qg6+ Kh8 38. Qh5+ Kg8 39. Kxh1 Bd6 40. Qg6+ Kh8 41. Qh6+ Kg8 42. Qg5+ Kh8 43. Qh5+ Kg8 44. Kg1 Qd1+ 45. Kg2 1-0